000 00816nam a2200277 a 4500
001
003 DO-SdBNP
005 20220818092332.0
008 130412s2013 dr 000 0 spa d
020 _a9789945580082
040 _aDO-SdBNP
_bspa
_cBPMSU
082 _a378.175
_bA185f 2013
_222
100 1 _aAcosta Peralta, Mirian
245 1 0 _aFundamentos de la educación a distancia /
_cMirian Acosta Peralta.
250 _a2a. ed.
260 _aSantiago de los Caballeros, República Dominicana :
_bUAPA,
_c2013
300 _a328 p. ;
_c27 cm.
490 0 _aAutoaprendizaje
590 _6Inventariado, 2022/VM
650 4 _aEducación a distancia
650 4 _aEducación no formal
700 1 _aHiraldo Trejo, Reyna,
_ecolab.
830 0 _aAutoaprendizaje
910 _aVMateo V.
942 _2ddc
_cBK
999 _c12627
_d12627